000 01133nam a22002177a 4500
999 _c58005
_d58005
003 Ge_BSU
005 20210420142508.0
008 210420s2020 ge ||||| |||| 00| 0 geo d
020 _a9789941492075
041 _ageo
080 _a656.073 ჩ-68
100 _aჩიქოვანი, ეკატერინე
_911462
245 _aსატვირთო გადაზიდვების სრულყოფის ძირითადი მიმართულებები საქართველოში /
_cეკატერინე ჩიქოვანი, რედ. კარლო ღურწკაია.
264 _aთბილისი :
_bკალმოსანი,
_c2020.
300 _a141 გვ.:
_c19სმ.
653 _aტრანსპორტი
653 _aსატრანსპორტო მომსახურება
653 _aგადაზიდვების ორგანიზაცია
710 _aბათუმის ნავიგაციის სასწავლო უნივერსიტეტი
_911463
942 _2udc
_cBK